Govt. of
Madhya Pradesh

The Oxford Hindi E̜nglish Dictionary (Record no. 3735)

MARC details
000 -LEADER
fixed length control field 004620000a22001810004500
003 - CONTROL NUMBER IDENTIFIER
control field MACL
005 - DATE AND TIME OF LATEST TRANSACTION
control field 20160131142843.0
008 - FIXED-LENGTH DATA ELEMENTS--GENERAL INFORMATION
fixed length control field 160131b xxu||||| |||| 00| 0 eng d
040 ## - CATALOGING SOURCE
Original cataloging agency MACL
Transcribing agency MACL
041 ## - LANGUAGE CODE
Language code of text/sound track or separate title English
082 ## - DEWEY DECIMAL CLASSIFICATION NUMBER
Classification number 403/MCG
100 ## - MAIN ENTRY--PERSONAL NAME
Personal name Mcgregor , R. S.
9 (RLIN) 26473
245 ## - TITLE STATEMENT
Title The Oxford Hindi E̜nglish Dictionary
260 ## - PUBLICATION, DISTRIBUTION, ETC. (IMPRINT)
Place of publication, distribution, etc. New York
Name of publisher, distributor, etc. Oxford University Press
Date of publication, distribution, etc. 1993
350 ## - PRICE (NR) (BK AM CF MU VM SE) [OBSOLETE]
Price 395
650 ## - SUBJECT ADDED ENTRY--TOPICAL TERM
Topical term or geographic name as entry element Dictionary
9 (RLIN) 36375
942 ## - ADDED ENTRY ELEMENTS (KOHA)
Koha item type Books
Call number prefix 403
Source of classification or shelving scheme
Holdings
Withdrawn status Lost status Source of classification or shelving scheme Damaged status Not for loan Home library Current library Date acquired Cost, normal purchase price Total Checkouts Full call number Barcode Date last seen Uniform Resource Identifier Price effective from Koha item type
          MACL MACL 15/04/2015 395.00   403/MCG CRE007319 02/05/2024 3715 15/04/2015 Books